| 000 | 00364nam a22001217a 4500 | ||
|---|---|---|---|
| 999 |
_c2345 _d2345 |
||
| 005 | 20200914110706.0 | ||
| 008 | 200914b ||||| |||| 00| 0 eng d | ||
| 020 | _a0415038855 | ||
| 040 | _cCML | ||
| 245 |
_aEducation in Central America and the Carbbean. _cBrock, C. |
||
| 260 |
_aLondon _bRoutledge _c1990 |
||
| 942 |
_2ddc _cBK _e1st Edition _h371 _mBRO |
||